Začínáme programovat v jazyku Python

Gespeichert in:
Bibliographische Detailangaben
1. Verfasser: Pecinovský, Rudolf
Format: Buch
Sprache:Tschechisch
Veröffentlicht: Praha Grada Publishing 2022
Ausgabe:2. přepracované a rozšířené vydání
Schlagworte:
Tags: Tag hinzufügen
Keine Tags, Fügen Sie das erste Tag hinzu!

MARC

LEADER 00000nam a2200000 4500
001 0283021
005 20240416114149.8
020 |a 978-80-271-3609-4 
041 0 |a cze 
044 |a CZ 
245 1 0 |a Začínáme programovat v jazyku Python  |c Rudolf Pecinovský 
250 |a 2. přepracované a rozšířené vydání 
264 1 |a Praha  |b Grada Publishing  |c 2022 
300 |a 316 s. 
610 2 0 |a programovanie 
610 2 0 |a jazyky programovacie 
610 2 0 |a softvér 
100 1 |a Pecinovský, Rudolf